| 000 | 00729nam a22002177a 4500 | ||
|---|---|---|---|
| 999 |
_c17790 _d17790 |
||
| 003 | AR-CdUCM | ||
| 008 | 190509b ||||| |||| 00| 0 spa d | ||
| 040 |
_aMUNICIPALIDAD PROVINCIAL DEL CUSCO _cBIBLIOTECA MUNICIPAL DEL CUSCO |
||
| 082 |
_a869.508 / _bV422 |
||
| 100 |
_aVega, Juan Jose _9644 |
||
| 245 | _aLa guerra de los viracochas / | ||
| 260 |
_aLima : _bPupilibros, |
||
| 300 |
_a180 páginas ; _c20 cm. |
||
| 505 | _aContenido : La isla de gallo -- Hernando de soto -- Batalla de bombon -- Batalla de yanamarca -- La matanza de los curacas | ||
| 650 |
_aDioses viracochas _937971 |
||
| 650 |
_aHistoria _9136 |
||
| 650 |
_aCuracas _92778 |
||
| 650 |
_aBatalla de Anta _937972 |
||
| 942 |
_2ddc _cLIBROS |
||
| 945 | _arcc | ||